000 00384pab a2200145 454500
008 180718b2001 xxu||||| |||| 00| 0 eng d
100 _aMansingh, Surjit
245 _aChina and the World in the twenty-first century a multipolar world
260 _c2001
300 _ap.58-63
362 _aOct-Dec
650 _aInternational relations
773 _aWorld Affairs
909 _a51414
999 _c51414
_d51414